Gramática de la lengua castellana (Registro nro. 303809)

Detalles MARC
000 -ENCABEZADO
Número de control [NR] 01417nam a2200253Ia 4500
005 - FECHA Y HORA DE LA ÚLTIMA TRANSACCIÓN
control field 20160901115358.0
008 - DE LONGITUD FIJA DE DATOS DE ELEMENTOS - INFORMACIÓN GENERAL
Elementos de longitud fija [NR] 130821s1905 ck fr 1 spa d
040 ## - FUENTE DE CATALOGACION [NR]
Agencia de catalogación original [NR] Co-BoUCM
Idioma de catalogación [NR] spa
Quien Cataloga Sandra Yazo
Quien Clasifica Sandra Yazo
041 0# - CODIGO DE IDIOMA [R]
Código de idioma para texto/pista de sonido o título separado [R] Español
082 04 - NUMERO DE CLASIFICACION DECIMAL DEWEY [R]
Número de clasificación [R] 465
Número de la edición [NR] 20
092 ## - SIGNATURA TOPOGRAFICA LOCAL
Número de clasificación local E40N094
110 1# - ASIENTO PRINCIPAL--NOMBRE CORPORATIVO [NR]
ID de autoridad 36469
Nombre corporativo o de jurisdicción como elemento de entrada [NR] Real Academia Española
245 10 - MENCION DE TITULO [NR]
Título [NR] Gramática de la lengua castellana
Mención de responsabilidad, etc. [NR] por la Real Académia Española
250 ## - MENCION DE EDICION [NR]
Mención de edición [NR] Nueva edición
260 ## - PUBLICACION, DISTRIBUCION, ETC. (PIE DE IMPRENTA) [R]
Lugar de publicación, distribución, etc. [R] Madrid (España)
Nombre del editor, distribuidor, etc. [R] Grerorio Hernando
Fecha de publicación, distribución, etc. [R] 1880
300 ## - DESCRIPCION FISICA [R]
Extensión [R] 448 páginas
Dimensiones [R] 17 x 12 cm.
500 ## - NOTA GENERAL [R]
Nota general [NR] Detalles físicos: Encuadernación rígida en cartón forrado en cuero, lomo con tejuelo y adornos en dorado. Guardas. Anteportada. Portada impresa en una sola tinta con una ilustración decorativa. Texto impreso en una sola columna. Algunas notas al pie de página. Tablas y cuadros sinópticos entre el texto. Papel con algunas manchas
505 0# - NOTA DE CONTENIDO CON FORMATO PREESTABLECIDO [R]
Nota de contenido con formato preestablecido [NR] Introducción ; Analogías: Artículo ; Sustantivo ; Adjetivo ; Pronombre ; Verbo ; Participio ; Adverbio ; Preposición ; Conjunción ; Interjección ; Figuras de dicción -- Sintaxis: Concordancia ; Régimen ; Construcción ; Oraciones ; Sintaxis figurada ; Vicios de dicción
506 ## - NOTA DE RESTRICCIONES DE ACCESO [R]
Condiciones de acceso [NR] Consulta en sala
650 #7 - ASIENTO SECUNDARIO DE MATERIA - TERMINO TEMATICO [R]
Término temático o nombre geográfico como elemento de entrada [NR] Lengua española
Subdivisión general [R] Enseñanza
9 (RLIN) 45733
650 #7 - ASIENTO SECUNDARIO DE MATERIA - TERMINO TEMATICO [R]
Término temático o nombre geográfico como elemento de entrada [NR] Gramatica española
Subdivisión general [R] Enseñanza
9 (RLIN) 77360
690 ## - ASUNTO AGREGADO LOCAL DE ENTRADA - TÉRMINO TEMÁTICO (OCLC, RLIN)
Acceso temático local Lingüística aplicada
9 (RLIN) 439
942 ## - ELEMENTOS DE ENTRADA AGREGADOS (KOHA)
Tipo de ítem principal el descrito en 300a Libro
Tema principal 12
Edición 2
Sistema de clasificación LOCAL
Clasificación E40N094
Existencias
Suprimido Perdido Sistema de clasificación Dañado No prestable Tipo de ítem específico Ubicación habitual Ubicación actual Localización Fecha de creación Forma de adquisición Costo Total préstamos Signatura topográfica Código de barras Última vez visto Ejemplar Price effective from Tipo de ítem
    LOCAL     Libro archivo Archivo Histórico Archivo Histórico Archivo histórico 19/07/2016 Donación 0.00   E40N094 L005780 19/07/2016 Ej.1 19/07/2016 Libro